000 00653nam a2200205 a 4500
001 21830
003 CO-ViMGA
008 141112s2004 ck r 000 u spa d
020 _a8426131131
040 _aCO-ViMGA
_bspa
_cCO-ViMGA
082 0 4 _aWISo
100 1 _aWishinsky, Frieda; Thompson, Carol
_931139
245 1 0 _aOnga Bonga
260 _aBarcelona :
_bJuventud,
_c1999
300 _a26
590 _aForma de adquisición : Donación fact. 8859 - - Precio : 367 - - Proveedor : Fundación exito - - Fecha de adquisición : Julio 2007
650 1 4 _aCUENTOS INFANTILES
_92743
650 1 4 _aLIBROS ILUSTRADOS PARA NIÑOS
_92001
942 _2ddc
_cBK
999 _c30379
_d30379